Statistics for Stardew Valley Characters

Click here to take the quiz!

General Stats

  • This quiz has been taken 105 times
  • The average score is 34 of 45

Answer Stats

Answer% Correct
Abigail
94%
Shane
93%
Emily
92%
Alex
91%
Haley
91%
Lewis
91%
Robin
91%
Jas
90%
Maru
90%
Caroline
89%
Marnie
89%
Sam
89%
Sebastian
89%
Demetrius
88%
Penny
88%
Pierre
87%
Wizard
87%
Gus
86%
Vincent
86%
Clint
84%
Harvey
84%
Kent
84%
Pam
84%
Jodi
83%
Willy
83%
Leah
82%
Sandy
82%
Elliott
81%
Krobus
80%
Linus
78%
Dwarf
77%
George
74%
Evelyn
71%
Gunther
71%
Leo
70%
Mr. Qi
67%
Marlon
61%
Morris
56%
Gil
52%
Birdie
48%
Governor
44%
Grandpa
43%
Bouncer
37%
Professor Snail
28%
Henchman
27%

Score Distribution

Percentile by Number Answered

Percent of People with Each Score

Your Score History

You have not taken this quiz